000 00753cab a2200217 4500
001 WB3141-22
008 090401t1995 xxu||||| |||| 00| 0 eng d
035 _a(Sirsi) u14927
041 _aeng
245 _aThreat to slabs of heritage
260 _c1995
350 _a0
490 _aTimes
_vWeekend 28 October 1995, 4(1)
520 _aA survey by the Countryside Commission reveals that only 13% of 70,000 miles of drystone wall are in a tolerable condition. Grants for repairs do not cover the cost involved. Arguments for new measures to ensure drystone walls do not disappear are examined.
650 _aDRYSTONE WALLS
650 _aHILL FARMING
650 _aREPAIR GRANTS
690 _aCONSERVATION
942 _n0
948 _c04/03/1997
999 _c9745
_d9745